000 00563nam a2200205Ia 4500
005 20250923145354.0
008 008 250917s9999 xx 000 0 eng d
037 _aTextual
040 _aDSWL
_beng
_cDSWL
041 _aeng
_2eng
084 _aV2:28, N58
_qDSWL
100 _aChanda, Asok
_9834604
245 0 _aIndian administration
_c by Asok Chanda
260 _aLondon
_bGeorge Allen & Unwin Ltd.
_c1958
300 _a274 p.
365 _aINR
_b25 . 0
925 _g25 . 0
942 _cTEXL
_hV2:28, N58
999 _c1450579
_d1450579